Statistics for Rome A-Z

Click here to take the quiz!

General Stats

  • This quiz has been taken 6,506 times
  • The average score is 19 of 26

Answer Stats

Hint Answer % Correct
CRome's largest gladiatorial arenaColosseum
97%
LLanguage of the ancient RomansLatin
95%
AType of structure once used to bring water into RomeAqueduct
93%
OEvent hosted by Rome in 1960Olympics
93%
VIndependent nation surrounded by the city of RomeVatican City
90%
ERome's nickname: The _______ CityEternal
89%
MThis sculptor's "Pietà" can be seen inside St. Peter's BasilicaMichelangelo
87%
WRomulus and Remus were suckled by this animalWolf
84%
BIn 1936, Rome joined this city to form an "Axis" upon which Europe would rotateBerlin
84%
NRomans supposedly have an "aquiline" type of this body partNose
80%
DArchitectural feature of the Pantheon and St. Peter's BasilicaDome
79%
JRome is the headquarters of this group, officially know as the Society of JesusJesuits
76%
PRome's only sister cityParis
74%
XXV + XIXXXXIV
73%
SThis deliberative body was composed of the most illustrious men in the Roman RepublicSenate
70%
IThe day that fell in the middle of the month in the ancient Roman calendarIdes
68%
TThrow a coin in this fountain to ensure a return visit to RomeTrevi
67%
KAfter the overthrow of Tarquinius Superbus in 509 BC, ancient Rome would never have
another one of these
Kings
61%
GThe Italian version of "John", it is a name shared by 23 different popesGiovanni
61%
HThis emperor's tomb later became the Castel Sant'AngeloHadrian
56%
RThis painter's "The School of Athens" is one of the most famous artworks
of the Roman Renaissance
Raphael
56%
ZIn Italian (or Greek) this is full spelling of the letter ZZeta
56%
UName shared by 8 popesUrban
55%
YJuventas was the Roman goddess of thisYouth
55%
FDirector of "La Dolce Vita" and "8½"Fellini
45%
QOne of the seven hills of Rome. The President of Italy lives in a palace thereQuirinal
21%

Score Distribution

Percentile by Number Answered

Percent of People with Each Score

Your Score History

You have not taken this quiz